La reactivación de la sociedad de responsabilidad limitada (Registro nro. 159059)
[ vista simple ]
| 000 -LEADER | |
|---|---|
| fixed length control field | 01430ny a22003493n 4500 |
| 008 - FIXED-LENGTH DATA ELEMENTS--GENERAL INFORMATION | |
| fixed length control field | 010524s2000 sp s 000 0 spa c |
| 017 ## - | |
| -- | M48095-2000 |
| 020 ## - INTERNATIONAL STANDARD BOOK NUMBER | |
| International Standard Book Number | 8471309920 |
| 035 ## - | |
| -- | 1598 |
| 040 ## - CATALOGING SOURCE | |
| Original cataloging agency | UMA.DER |
| Modifying agency | vLex |
| 040 ## - CATALOGING SOURCE | |
| Original cataloging agency | UMA.RE |
| Modifying agency | vLex |
| 080 ## - | |
| -- | 347.724(460) |
| 090 ## - | |
| -- | 535 |
| -- | 535 |
| 100 1# - MAIN ENTRY--PERSONAL NAME | |
| Personal name | Bataller Grau, Juan |
| 245 13 - TITLE STATEMENT | |
| Title | La reactivación de la sociedad de responsabilidad limitada |
| Medium | [Recurso electrónico] |
| Statement of responsibility, etc | Juan Bataller Grau |
| 256 ## - | |
| -- | Servicio en línea |
| 260 ## - PUBLICATION, DISTRIBUTION, ETC. (IMPRINT) | |
| Place of publication, distribution, etc | Madrid : |
| Name of publisher, distributor, etc | EDERSA, |
| Date of publication, distribution, etc | D.L. 2000 |
| 300 ## - PHYSICAL DESCRIPTION | |
| Extent | 255 p. ; |
| Dimensions | 20 cm |
| 490 1# - SERIES STATEMENT | |
| Series statement | Cuadernos mercantiles ; |
| Volume number/sequential designation | 9 |
| 504 ## - BIBLIOGRAPHY, ETC. NOTE | |
| Bibliography, etc | Bibliografía: p. 241-255 |
| 506 1# - RESTRICTIONS ON ACCESS NOTE | |
| Terms governing access | Contenido solo disponible en los productos indicados |
| Authorized users | vLex Global |
| -- | vLex Global (Academic Edition, excluding Law Schools) |
| -- | vLex Global (U.S. Academic Edition, Law Schools) |
| -- | vLex Global (U.S. Academic Edition, excluding Law Schools) |
| -- | vLex Global (Academic Edition, Law Schools) |
| 650 07 - SUBJECT ADDED ENTRY--TOPICAL TERM | |
| Topical term or geographic name as entry element | Sociedad limitada |
| Source of heading or term | Tesauro vLex |
| 650 07 - SUBJECT ADDED ENTRY--TOPICAL TERM | |
| Topical term or geographic name as entry element | Societario |
| Source of heading or term | Tesauro vLex |
| 650 07 - SUBJECT ADDED ENTRY--TOPICAL TERM | |
| Topical term or geographic name as entry element | Sociedades de responsabilidad limitada |
| Source of heading or term | Tesauro vLex |
| 650 07 - SUBJECT ADDED ENTRY--TOPICAL TERM | |
| Topical term or geographic name as entry element | Derecho de sociedades |
| Source of heading or term | Tesauro vLex |
| 650 07 - SUBJECT ADDED ENTRY--TOPICAL TERM | |
| Topical term or geographic name as entry element | Sociedades mercantiles |
| Source of heading or term | Tesauro vLex |
| 740 0# - | |
| -- | vLex Libros (Servicios en línea) |
| 830 #0 - | |
| -- | Cuadernos mercantiles (Editoriales de Derecho Reunidas) |
| 856 40 - LOCALIZACIÓN Y ACCESO ELECTRÓNICO | |
| Identificador Uniforme del Recurso (URI/URL) | https://app.vlex.com/#/sources/1598 |
| 942 ## - | |
| -- | RAA |
| 999 ## - | |
| -- | 159059 |
| -- | 159059 |
No hay ítems disponibles.